000 00232nam a2200097Ia 4500
008 230915s9999 xx 000 0 und d
050 _aHD.30.22.T496
100 _aThomas,Christopher R.
245 0 _aManagerial Economics
942 _cBK
999 _c61170
_d61170